2007 yılı merkezi yönetim kesin hesap kanunu tasarısı (Record no. 3032)

MARC details
000 -BAŞLIK
Sabit Uzunlukta Kontrol Alanı 00791na a2200229 4500
001 - KONTROL NUMARASI
Denetim Alanı 17949
003 - KONTROL NUMARASI IDENTIFIER
Denetim Alanı MIRAKIL
005 - SON İŞLEM TARİHİ VE ZAMANI
Denetim Alanı 20181213154918.0
008 - SABİT-BOY VERİ ELEMANLARI - GENEL BİLGİLER
Sabit Uzunlukta Kontrol Alanı 161108b tu 000 0
040 ## - KATALOGLAMA KAYNAK
Orijinal Kataloglama Ajansı Milas
Kataloglama Dili tur
Metne Dönüştürmek Ajansı TR-AnCHP
041 ## - DİL KODU
Metin / Ses Parça Veya Ayrı Başlığın Dil Kodu tur
082 ## - DEWEY ONLU SINIFLANDIRMA NUMARASI
Sınıflandırma Numarası 343.034
Ürün Numarası İ45 2008
090 ## - SINIFLAMA NUMARASI
Sınıflama Numarası 343.034 İ45 2008
245 ## - BAŞLIK TABLOSU
Başlık 2007 yılı merkezi yönetim kesin hesap kanunu tasarısı
Başlığın Kalan Plan ve bütçe komisyonunca kabul edilen metne ekli cetveller (gelir gider cetvelleri)
Sorumluluk Tablosu, Vb TBMM
260 ## - YAYIN, DAĞITIM, VB
Yayın, Dağıtım, Vb Yeri Ankara
Yayıncı, Dağıtıcı, Vs Adı TBMM
Yayın, Dağıtım, Vb Tarihi 2008
300 ## - FİZİKSEL TANIM
Kapsam 2. c.:527 s.
Boyutlar 25 sm.
500 ## - GENEL NOT
Genel Not Kütüphanemizde 2. cilt bulunmaktadır.
500 ## - GENEL NOT
Genel Not TBMM 3. Dönem 3. yasama yılı S. Sayısı:313
650 ## - KONU KATMA GİRİŞ - TOPİKAL DÖNEM
Topikal Süreli Veya Coğrafi Ad Giriş Elemanı Bütçe
Genel Alt Bölümü Kesin hesap kanunları
Kronolojik Alt Bölümü Cetveller
650 ## - KONU KATMA GİRİŞ - TOPİKAL DÖNEM
Topikal Süreli Veya Coğrafi Ad Giriş Elemanı Bütçe
Genel Alt Bölümü Kanun tasarıları
942 ## - EKLENDİ GİRİŞ ELEMANLARI (KOHA)
Sınıflandırma Veya Raf Düzeni Kaynak Dewey Decimal Classification
Koha Öğesi Türü Books
999 ## - SİSTEM KONTROL NUMARALARI (KOHA)
Koha Biblionumber 3032
Koha Biblioitemnumber 3032
Holdings
Kalıcı Konum Mevcut Konum Edinme Tarihi Edinim Kaynak Toplam Check-Out'Lar Tam Çağrı Numarası Barkod Tarih Son Görülme İtibaren Geçerli Fiyatlar Koha Öğesi Türü
CHP Kütüphanesi CHP Kütüphanesi 11/08/2016 Bağış   343.034 İ45 2008 008459 11/08/2016 11/08/2016 Books